<?xml version='1.0' encoding='UTF-8'?>
  <record xmlns="http://www.loc.gov/MARC21/slim">
    <leader>00000ctm a22000007i 4500</leader>
    <controlfield tag="001">ocn965408369</controlfield>
    <controlfield tag="003">OCoLC</controlfield>
    <controlfield tag="005">20240521221001.4</controlfield>
    <controlfield tag="008">101008q1510    ne            000 0 lat d</controlfield>
    <datafield tag="040" ind1=" " ind2=" ">
      <subfield code="a">QGJ</subfield>
      <subfield code="b">dut</subfield>
      <subfield code="c">QGJ</subfield>
      <subfield code="d">QGJ</subfield>
      <subfield code="d">OCLCL</subfield>
      <subfield code="d">OCLCQ</subfield>
    </datafield>
    <datafield tag="035" ind1=" " ind2=" ">
      <subfield code="a">(OCoLC)965408369</subfield>
    </datafield>
    <datafield tag="100" ind1="0" ind2=" ">
      <subfield code="a">Bonaventura,</subfield>
      <subfield code="d">1217-1274.</subfield>
    </datafield>
    <datafield tag="245" ind1="1" ind2="0">
      <subfield code="a">Vita sancti Francisci :</subfield>
      <subfield code="b">accedunt quaedam de miraculis ipsius post mortem ostensis /</subfield>
      <subfield code="c">Bonaventura.</subfield>
      <subfield code="f">UBU Hs. 167.</subfield>
    </datafield>
    <datafield tag="246" ind1="1" ind2=" ">
      <subfield code="a">Actus sanctorum sociorum sancti Francisci</subfield>
    </datafield>
    <datafield tag="260" ind1=" " ind2=" ">
      <subfield code="a">Utrecht :</subfield>
      <subfield code="b">Karthuizerklooster Nieuwlicht of Bloemendaal,</subfield>
      <subfield code="c">1510.</subfield>
    </datafield>
    <datafield tag="300" ind1=" " ind2=" ">
      <subfield code="a">192 fol. ;</subfield>
      <subfield code="c">210 x 140 (145 x 100) mm.</subfield>
    </datafield>
    <datafield tag="336" ind1=" " ind2=" ">
      <subfield code="a">text</subfield>
      <subfield code="b">txt</subfield>
      <subfield code="2">rdacontent</subfield>
    </datafield>
    <datafield tag="337" ind1=" " ind2=" ">
      <subfield code="a">unmediated</subfield>
      <subfield code="b">n</subfield>
      <subfield code="2">rdamedia</subfield>
    </datafield>
    <datafield tag="338" ind1=" " ind2=" ">
      <subfield code="a">volume</subfield>
      <subfield code="b">nc</subfield>
      <subfield code="2">rdacarrier</subfield>
    </datafield>
    <datafield tag="340" ind1=" " ind2=" ">
      <subfield code="a">perkament</subfield>
      <subfield code="k">2 kol., 27 regels, littera hybrida.</subfield>
    </datafield>
    <datafield tag="500" ind1=" " ind2=" ">
      <subfield code="a">Bevat behalve Bonaventurae Vita sancti Francisci (fol. 1r-85r) ook: Actus sanctorum sociorum sancti Francisci (fol. 85v-191v).</subfield>
    </datafield>
    <datafield tag="500" ind1=" " ind2=" ">
      <subfield code="a">Blanco: fol. 192.</subfield>
    </datafield>
    <datafield tag="500" ind1=" " ind2=" ">
      <subfield code="a">Geschreven door Petrus van Enchusen (fol. 1r-76v) en Wermbold van Leiden (fol. 77r-191v) (fol. 108v: Explicit feliciter per fratrem petrum de enchusen et fratrem wermboldum anno 1510. xxv marcii).</subfield>
    </datafield>
    <datafield tag="524" ind1=" " ind2=" ">
      <subfield code="a">Te citeren als: Universiteitsbibliotheek Utrecht Hs. 167.</subfield>
    </datafield>
    <datafield tag="563" ind1=" " ind2=" ">
      <subfield code="a">Leren band over de originele houten platten, blindgestempeld met diagonale tripellijnen in een door tripellijnen gevormd rechthoekig kader, kleine stempelversieringen op de snijpunten en in de doorde diagonalen gevormde driehoeken, koperen klampsluiting, leeshulp. In 1993 gerestaureerd.</subfield>
    </datafield>
    <datafield tag="500" ind1=" " ind2=" ">
      <subfield code="a">Restauratierapport Restauratierapport aanwezig.</subfield>
    </datafield>
    <datafield tag="500" ind1=" " ind2=" ">
      <subfield code="a">Illustrations: Penwerkinitiaal met penwerkversiering in Utrechtse stijl.</subfield>
    </datafield>
    <datafield tag="581" ind1=" " ind2=" ">
      <subfield code="a">[P.A. Tiele], Catalogus codicum manu scriptorum Bibliothecae Universitatis Rheno-Trajectinae. I. Trajecti ad Rhenum / Hagae Comitis 1887. p. 51.</subfield>
    </datafield>
    <datafield tag="581" ind1=" " ind2=" ">
      <subfield code="a">[A. Hulshof], Catalogus codicum manu scriptorum Bibliothecae Universitatis Rheno-Traiectinae. II. Traiecti ad Rhenum 1909. p. 19, 274.</subfield>
    </datafield>
    <datafield tag="581" ind1=" " ind2=" ">
      <subfield code="a">J.P. Gumbert, Manuscrits datés conservés dans les Pays-Bas. Vol. 2: Les manuscrits d'origine néerlandaise (XIVe-XVIe siècles) et Suppl. au tome premier. Leiden etc. 1988. p. 187 nr. 648, p. 190 (sub nr. 654), pl. 860b.</subfield>
    </datafield>
    <datafield tag="581" ind1=" " ind2=" ">
      <subfield code="a">J.P. Gumbert, Die Utrechter Kartäuser und ihre Bücher im frühen fünfzehnten Jahrhundert. Leiden 1974. p. 286.</subfield>
    </datafield>
    <datafield tag="581" ind1=" " ind2=" ">
      <subfield code="a">A. Hulshof &amp; M.J. Schretlen, De kunst der oude boekbinders. XVde en XVIde eeuwsche boekbanden in de Utrechtsche Universiteitsbibliotheek. Utrecht 1921. p. 7.</subfield>
    </datafield>
    <datafield tag="581" ind1=" " ind2=" ">
      <subfield code="a">A.D. Menut, 'A provisional bibliography of Oresme's writings', in: Medieval studies 28 (1966), p. 279-299. (cf. Scriptorium 26 (1972), p. 206, nr. 392). p. 279-299.</subfield>
    </datafield>
    <datafield tag="581" ind1=" " ind2=" ">
      <subfield code="a">H.J.J. Scholtens, 'De priors van het Kartuizerklooster Nieuwlicht bij Utrecht'. In: Archief voor de geschiedenis van het Aartsbisdom Utrecht 53 (1929), p. 302-357. p. 335 (over Wermbold van Leiden).</subfield>
    </datafield>
    <datafield tag="655" ind1=" " ind2="7">
      <subfield code="a">Handschriften (vorm)</subfield>
      <subfield code="0">(NL-LeOCL)088143309.</subfield>
      <subfield code="2">gtt</subfield>
    </datafield>
    <datafield tag="700" ind1="0" ind2=" ">
      <subfield code="a">Pieter van Enkhuizen,</subfield>
      <subfield code="d">-1517.</subfield>
    </datafield>
    <datafield tag="700" ind1="0" ind2=" ">
      <subfield code="a">Wermbold van Leiden,</subfield>
      <subfield code="d">-1517.</subfield>
    </datafield>
    <datafield tag="710" ind1="2" ind2=" ">
      <subfield code="a">Karthuizerklooster Nieuwlicht of Bloemendaal (Utrecht)</subfield>
      <subfield code="e">former owner.</subfield>
      <subfield code="4">fmo</subfield>
      <subfield code="5">NL-UtRU</subfield>
    </datafield>
    <datafield tag="758" ind1=" " ind2=" ">
      <subfield code="a">Vita sancti Francisci UBU Hs. 167 (Text)</subfield>
      <subfield code="1">https://id.oclc.org/worldcat/entity/E39PCYrjTRtvMWCFYyBfgWW6fC</subfield>
      <subfield code="4">https://id.oclc.org/worldcat/ontology/hasWork</subfield>
    </datafield>
    <datafield tag="856" ind1="4" ind2="1">
      <subfield code="u">http://objects.library.uu.nl/reader/resolver.php?obj=002324598&amp;type=2</subfield>
      <subfield code="x">Online</subfield>
      <subfield code="z">Full Text</subfield>
    </datafield>
    <datafield tag="936" ind1=" " ind2=" ">
      <subfield code="a">BATCHLOAD</subfield>
    </datafield>
  </record>